|
|
|
|
| LEADER |
01327nam a2200337 a 4500 |
| 001 |
AAL6802 |
| 003 |
BD-DhAAL |
| 005 |
20160215150750.0 |
| 008 |
160215s2004 nyua 001 0aeng |
| 010 |
|
|
|a 2004107564
|
| 020 |
|
|
|a 9844641098
|
| 020 |
|
|
|a 9780375414572 (hardcover)
|
| 020 |
|
|
|a 0091795273
|
| 020 |
|
|
|a 0375414576
|
| 040 |
|
|
|a DLC
|c DLC
|d DLC
|d BD-DhAAL
|
| 050 |
0 |
0 |
|a E886
|b .A3 2004
|
| 082 |
0 |
0 |
|a 973.929092
|2 22
|
| 100 |
1 |
|
|a ক্লিনটন, বিল
|d 1946-
|9 8774
|
| 245 |
1 |
0 |
|a মাই লাইফ /
|c বিল ক্লিনটন
|
| 260 |
|
|
|a New York ;
|a ঢাকা :
|a London :
|b Knopf ;
|b অঙ্কুর প্রকাশনী,
|b Hutchinson,
|c c2004.
|c c2004.
|
| 300 |
|
|
|a ৭৪৪ পৃ. :
|b চিত্র ;
|c ২৪ সে.মি.
|
| 541 |
|
|
|e 6802
|
| 600 |
1 |
0 |
|a Clinton, Bill,
|d 1946-
|9 8775
|
| 600 |
1 |
0 |
|a Clinton, Bill,
|d 1946-
|x Family.
|9 8776
|
| 600 |
3 |
0 |
|a Clinton family.
|9 8777
|
| 650 |
|
0 |
|a Presidents
|z United States
|v Biography.
|9 8169
|
| 651 |
|
0 |
|a United States
|x Politics and government
|y 1993-2001.
|9 8778
|
| 852 |
|
|
|a Savar Campus Library
|c General Stacks
|
| 942 |
|
|
|2 ddc
|c BK
|
| 999 |
|
|
|c 36865
|d 36865
|
| 952 |
|
|
|0 0
|1 0
|2 ddc
|4 0
|6 973_929092000000000_CLI
|7 0
|9 58027
|a SCL
|b SCL
|c GEN
|d 2016-02-15
|g 470.00
|l 1
|m 1
|o 973.929092 CLI
|p 3020006802
|r 2019-02-09
|s 2019-01-22
|t 1
|w 2016-02-15
|y BK
|